Desarrollo de algoritmos y sus aplicaciones en basic, pascal, cobol y c, con su respectivo pseudocódigo / Guillermo Correa Uribe (Registro nro. 11971)
[ vista simple ]
| 000 -LÍDER | |
|---|---|
| fixed length control field | 00606nam a2200181 4500 |
| 008 - ELEMENTOS DE LONGITUD FIJA -- INFORMACIÓN GENERAL | |
| fixed length control field | 0 1992 0a 000 0COL |
| 020 ## - NÚMERO INTERNACIONAL NORMALIZADO PARA LIBROS | |
| ISBN | 958-600-109-1 |
| 050 ## - SIGNATURA TOPOGRAFICA DE LA BIBLIOTECA DEL CONGRESO (LC) | |
| Número de Clasificación | QA76 73 C824 |
| 082 ## - NUMERO DE CLASIFICACION DECIMAL DEWEY | |
| Número de Clasificación | 001.642 C246d |
| 100 ## - ASIENTO PRINCIPAL--NOMBRE PERSONAL | |
| Nombre personal | Correa Uribe, Guillermo |
| 245 ## - TÍTULO | |
| Título | Desarrollo de algoritmos y sus aplicaciones en basic, pascal, cobol y c, con su respectivo pseudocódigo / Guillermo Correa Uribe |
| 250 ## - MENCIÓN DE EDICIÓN | |
| Mención de edición | 3 |
| 260 ## - PUBLICACIÓN, DISTRIBUCIÓN, ETC. (PIE DE IMPRENTA) | |
| Lugar de publicación, distribución, etc. | Colombia : McGraw Hill |
| 300 ## - DESCRIPCIÓN FÍSICA | |
| Extensión | xi, 251 P. / 23 cm. |
| 500 ## - NOTA GENERAL | |
| Nota general | Incluye bibliografía |
| 650 ## - ASIENTO SECUNDARIO DE MATERIA - TERMINO TEMÁTICO | |
| Término temático o nombre geográfico como elemento de entrada | 1.DISEÑO DE ALGORITMOS |
| 700 ## - ASIENTO SECUNDARIO - NOMBRE PERSONAL | |
| Nombre personal | Pinzón H. Luis Fernando, Ed. |
| No. biblioteca | No. biblioteca | Número de clasificación | Código de barras/Número de adquisición | Número de copia | Tipo de material |
|---|---|---|---|---|---|
| LUIS G. INCLAN | LUIS G. INCLAN | 001.642 C246d | 20356 | 1 | Libros |
| LUIS G. INCLAN | LUIS G. INCLAN | 001.642 C246d | 20358 | 3 | Libros |
| LUIS G. INCLAN | LUIS G. INCLAN | 001.642 C246d | 24954 | 4 | Libros |
| LUIS G. INCLAN | LUIS G. INCLAN | 001.642 C246d | 30032 | 5 | Libros |
| LUIS G. INCLAN | LUIS G. INCLAN | 001.642 C246d | 30305 | 6 | Libros |
| LUIS G. INCLAN | LUIS G. INCLAN | 001.642 C246d | 33432 | 8 | Libros |
